El Saltamartí / Joan Brossa ; pròleg de Pere Gimferrer
Descripción Física:
175 p. ; 24 cm
Colección:
Llibres d'abril ; 7
Otros Autores:
Gimferrer, Pere
MARC
| LEADER | 00000nam a2200000Ia 4500 | ||
|---|---|---|---|
| 001 | 12268 | ||
| 008 | 160829s1999 xx 000 0 cat d | ||
| 080 | |a L-1-62 | ||
| 100 | 1 | |a Brossa, Joan, |d 1919-1998 |9 36623 | |
| 245 | |a El Saltamartí / Joan Brossa ; pròleg de Pere Gimferrer | ||
| 260 | |a Barcelona : |b Diputació de Barcelona, |c 1999 | ||
| 300 | |a 175 p. ; |c 24 cm | ||
| 490 | |a Llibres d'abril ; 7 | ||
| 700 | |a Gimferrer, Pere |9 22498 | ||
| 710 | 1 | |a Barcelona (Catalunya : Província). |b Diputació |9 52408 | |
| 901 | |a Arxiu | ||
| 942 | |n 1 | ||
| 952 | |0 0 |1 0 |4 0 |6 L162 |7 1 |9 44316 |a Arxiu |b Arxiu |d 2016-12-01 |l 0 |o L-1-62 |p 12268 |r 2016-12-01 00:00:00 |w 2016-12-01 |y ARXIU | ||
| 999 | |c 46896 |d 46896 | ||